Normal view
MARC view
- China
Entry Geographic Name
001 - CONTROL NUMBER
- control field: 4789
003 - CONTROL NUMBER IDENTIFIER
- control field: NUST
005 - DATE AND TIME OF LATEST TRANSACTION
- control field: 20170922100925.0
008 - FIXED-LENGTH DATA ELEMENTS
- fixed length control field: 170922|| aca||aabn | a|a d
040 ## - CATALOGING SOURCE
- Original cataloging agency: NUST
- Transcribing agency: NUST
151 ## - HEADING--GEOGRAPHIC NAME
- Geographic name: China
- Form subdivision: Guidebooks.
670 ## - SOURCE DATA FOUND
- Source citation: Work cat.: (NUST)0: Pakistan & the Karakoram Highway /, 2004.
